000 00225nam a2200097Ia 4500
008 120527s9999 xx 000 0 und d
100 _aOLUWADIYA,K.S
245 _aGetting to know SPSS.
260 _bJOVIN Express
942 _cBK
999 _c23548
_d23548